[Event "H. C. Andersen Mindgames"]
[Site "?"]
[Date "2012.05.17"]
[Round "2.2"]
[White "Ochsner, 2285, Bjorn Moller"]
[Black "Rusev, 2525, GM Krasimir"]
[Result "1-0"]
[LiveChessVersion "1.3.1"]
[BlackElo "2525"]
[WhiteElo "2285"]

1. e4 {[%clk 1:28:21]} e5 {[%clk 1:30:56]} 2. Nf3 {[%clk 1:28:39]} Nc6
{[%clk 1:31:20]} 3. Bb5 {[%clk 1:28:27]} Nf6 {[%clk 1:31:46]} 4. O-O
{[%clk 1:28:35]} Nxe4 {[%clk 1:32:10]} 5. d4 {[%clk 1:29:01]} Nd6
{[%clk 1:32:19]} 6. Bxc6 {[%clk 1:29:16]} dxc6 {[%clk 1:32:43]} 7. dxe5
{[%clk 1:29:40]} Nf5 {[%clk 1:33:06]} 8. Qxd8+ {[%clk 1:30:05]} Kxd8
{[%clk 1:33:31]} 9. Nc3 {[%clk 1:30:24]} Bd7 {[%clk 1:33:56]} 10. h3
{[%clk 1:20:56]} h5 {[%clk 1:31:35]} 11. b3 {[%clk 1:13:03]} a5 {[%clk 1:31:07]}
12. Bb2 {[%clk 1:11:30]} Bb4 {[%clk 1:31:18]} 13. Ne2 {[%clk 1:03:35]} a4
{[%clk 1:29:02]} 14. Rfd1 {[%clk 0:56:58]} Kc8 {[%clk 1:28:13]} 15. Ng5
{[%clk 0:42:20]} Be8 {[%clk 1:27:56]} 16. Rd3 {[%clk 0:38:13]} Be7
{[%clk 1:25:35]} 17. Ne4 {[%clk 0:35:12]} b6 {[%clk 1:25:25]} 18. N2g3
{[%clk 0:20:20]} Nxg3 {[%clk 1:16:26]} 19. Rxg3 {[%clk 0:20:20]} Rh7
{[%clk 1:16:42]} 20. Ng5 {[%clk 0:15:16]} Rh6 {[%clk 1:16:32]} 21. Nxf7
{[%clk 0:10:16]} Rh7 {[%clk 1:01:29]} 22. Ng5 {[%clk 0:05:00]} Rh6
{[%clk 1:01:37]} 23. Nf7 {[%clk 0:04:28]} Rh7 {[%clk 1:02:01]} 24. Ng5
{[%clk 0:04:56]} Rh6 {[%clk 0:52:24]} 25. Nf7 {[%clk 0:03:59]} Rh7
{[%clk 0:52:26]} 26. e6 {[%clk 0:03:08]} Bf6 {[%clk 0:51:51]} 27. Bxf6
{[%clk 0:02:01]} gxf6 {[%clk 0:52:18]} 28. Rg8 {[%clk 0:02:16]} Kb7
{[%clk 0:52:35]} 29. bxa4 {[%clk 0:01:28]} Bxf7 {[%clk 0:52:55]} 30. exf7
{[%clk 0:01:53]} Rxf7 {[%clk 0:53:17]} 31. Rxa8 {[%clk 0:02:14]} Kxa8
{[%clk 0:53:45]} 32. Re1 {[%clk 0:01:52]} Kb7 {[%clk 0:53:05]} 33. Re6
{[%clk 0:01:41]} c5 {[%clk 0:53:34]} 34. Kf1 {[%clk 0:01:35]} Ka6
{[%clk 0:53:40]} 35. Ke2 {[%clk 0:01:05]} Ka5 {[%clk 0:54:05]} 36. Re4
{[%clk 0:00:59]} Rd7 {[%clk 0:54:30]} 37. Rf4 {[%clk 0:00:42]} Rd6
{[%clk 0:54:30]} 38. Ke3 {[%clk 0:00:41]} Rd1 {[%clk 0:50:59]} 39. Rxf6
{[%clk 0:00:40]} Kb4 {[%clk 0:51:28]} 40. Rc6 {[%clk 0:00:33]} c4
{[%clk 0:49:00]} 41. a3+ {[%clk 0:00:36]} Kc3 {[%clk 0:48:59]} 42. f4
{[%clk 0:00:35]} Re1+ {[%clk 0:45:37]} 43. Kf3 {[%clk 0:00:51]} Rf1+
{[%clk 0:46:01]} 44. Ke3 {[%clk 0:01:10]} Re1+ {[%clk 0:46:30]} 45. Kf3
{[%clk 0:01:37]} Rf1+ {[%clk 0:46:54]} 46. Kg3 {[%clk 0:00:45]} Rc1
{[%clk 0:42:47]} 47. Rxc7 {[%clk 0:00:40]} Rxc2 {[%clk 0:43:00]} 48. Rc6
{[%clk 0:00:33]} h4+ {[%clk 0:41:08]} 49. Kxh4 {[%clk 0:00:34]} Rxg2
{[%clk 0:41:32]} 50. Rxb6 {[%clk 0:00:31]} Kd4 {[%clk 0:40:59]} 51. Rc6
{[%clk 0:00:35]} c3 {[%clk 0:41:26]} 52. f5 {[%clk 0:00:36]} c2 {[%clk 0:38:52]}
53. f6 {[%clk 0:00:35]} Rg6 {[%clk 0:36:39]} 54. Rxc2 {[%clk 0:00:44]} Rxf6
{[%clk 0:37:08]} 55. Rd2+ {[%clk 0:00:34]} Kc5 {[%clk 0:37:20]} 56. Rd3
{[%clk 0:00:35]} Kb6 {[%clk 0:36:22]} 57. Kg5 {[%clk 0:00:49]} Rc6
{[%clk 0:36:50]} 58. Rd5 {[%clk 0:00:42]} Rc3 {[%clk 0:34:41]} 59. h4
{[%clk 0:01:04]} Kc6 {[%clk 0:30:46]} 60. Rf5 {[%clk 0:01:03]} Kd6
{[%clk 0:31:14]} 61. Kf6 {[%clk 0:00:54]} Rxa3 {[%clk 0:31:13]} 62. a5
{[%clk 0:01:11]} Kd7 {[%clk 0:29:29]} 63. Kf7 {[%clk 0:01:08]} Re3
{[%clk 0:29:36]} 64. h5 {[%clk 0:01:01]} Re7+ {[%clk 0:28:48]} 65. Kg6
{[%clk 0:01:10]} Re6+ {[%clk 0:28:06]} 66. Rf6 {[%clk 0:01:13]} Re1
{[%clk 0:28:34]} 67. h6 {[%clk 0:01:05]} Ke7 {[%clk 0:28:48]} 68. Kg7
{[%clk 0:01:05]} 1-0

[Event "H. C. Andersen Mindgames"]
[Site "?"]
[Date "2012.05.17"]
[Round "2.3"]
[White "Aagaard, 2505, GM Jacob"]
[Black "Rostgaard, 2255, Tobias Valentin"]
[Result "1-0"]
[LiveChessVersion "1.3.1"]
[BlackElo "2255"]
[WhiteElo "2505"]

1. d4 {[%clk 1:29:26]} d5 {[%clk 1:29:28]} 2. c4 {[%clk 1:29:50]} c6
{[%clk 1:27:55]} 3. Nf3 {[%clk 1:28:19]} Nf6 {[%clk 1:28:19]} 4. Nc3
{[%clk 1:28:15]} dxc4 {[%clk 1:27:50]} 5. a4 {[%clk 1:28:37]} Bf5
{[%clk 1:28:09]} 6. Ne5 {[%clk 1:28:55]} Nbd7 {[%clk 1:28:23]} 7. Nxc4
{[%clk 1:29:18]} Nb6 {[%clk 1:28:37]} 8. Ne5 {[%clk 1:29:39]} a5 {[%clk 1:28:50]}
9. Rg1 {[%clk 1:30:03]} h6 {[%clk 1:09:18]} 10. g4 {[%clk 1:27:50]} Bh7
{[%clk 1:09:40]} 11. h4 {[%clk 1:25:57]} Nfd7 {[%clk 1:06:14]} 12. Nxd7
{[%clk 1:21:50]} Nxd7 {[%clk 1:06:17]} 13. g5 {[%clk 1:14:14]} hxg5
{[%clk 1:05:34]} 14. hxg5 {[%clk 1:14:42]} Bg6 {[%clk 1:04:14]} 15. Qb3
{[%clk 1:02:09]} Qb6 {[%clk 0:42:40]} 16. Qxb6 {[%clk 1:02:29]} Nxb6
{[%clk 0:43:05]} 17. e4 {[%clk 0:43:08]} e6 {[%clk 0:38:32]} 18. Be3
{[%clk 0:42:47]} Bb4 {[%clk 0:38:30]} 19. f3 {[%clk 0:37:49]} Rh2
{[%clk 0:32:44]} 20. Be2 {[%clk 0:38:13]} O-O-O {[%clk 0:18:42]} 21. d5
{[%clk 0:35:31]} exd5 {[%clk 0:11:58]} 22. Bxb6 {[%clk 0:34:11]} d4
{[%clk 0:12:21]} 23. Rd1 {[%clk 0:32:36]} 1-0

[Event "H. C. Andersen Mindgames"]
[Site "?"]
[Date "2012.05.17"]
[Round "2.4"]
[White "Rewitz, 2253, FM Poul"]
[Black "Danielsen, 2498, GM Henrik"]
[Result "0-1"]
[LiveChessVersion "1.3.1"]
[BlackElo "2498"]
[WhiteElo "2253"]

1. e4 {[%clk 1:30:11]} d6 {[%clk 1:28:16]} 2. d4 {[%clk 1:29:11]} Nf6
{[%clk 1:28:05]} 3. Nc3 {[%clk 1:27:56]} g6 {[%clk 1:26:47]} 4. f3
{[%clk 1:21:53]} c6 {[%clk 1:25:34]} 5. Be3 {[%clk 1:21:23]} b5 {[%clk 1:19:07]}
6. Qd2 {[%clk 1:20:49]} Qc7 {[%clk 1:15:57]} 7. Nge2 {[%clk 1:18:07]} Nbd7
{[%clk 1:15:20]} 8. g4 {[%clk 1:15:33]} Nb6 {[%clk 1:14:37]} 9. b3
{[%clk 1:09:56]} Bb7 {[%clk 1:11:19]} 10. g5 {[%clk 1:06:59]} Nfd7
{[%clk 1:11:18]} 11. h4 {[%clk 1:05:19]} Bg7 {[%clk 1:10:32]} 12. h5
{[%clk 1:03:03]} Rg8 {[%clk 1:10:51]} 13. Bh3 {[%clk 0:45:56]} b4
{[%clk 1:09:14]} 14. Nd1 {[%clk 0:39:37]} c5 {[%clk 1:09:14]} 15. h6
{[%clk 0:37:39]} Bh8 {[%clk 1:08:16]} 16. Rc1 {[%clk 0:35:06]} a5
{[%clk 0:58:20]} 17. c3 {[%clk 0:34:15]} Ba6 {[%clk 0:48:50]} 18. Rh2
{[%clk 0:30:02]} Rc8 {[%clk 0:42:30]} 19. Rf2 {[%clk 0:28:10]} e6
{[%clk 0:37:59]} 20. f4 {[%clk 0:22:05]} bxc3 {[%clk 0:33:52]} 21. Rxc3
{[%clk 0:19:55]} Qb7 {[%clk 0:32:40]} 22. Bg2 {[%clk 0:16:54]} cxd4
{[%clk 0:23:34]} 23. Bxd4 {[%clk 0:16:14]} Bxd4 {[%clk 0:16:45]} 24. Qxd4
{[%clk 0:16:24]} Qb8 {[%clk 0:16:10]} 25. Rxc8+ {[%clk 0:15:17]} Nxc8
{[%clk 0:16:26]} 26. Nec3 {[%clk 0:14:43]} Qb6 {[%clk 0:14:26]} 27. Rd2
{[%clk 0:14:53]} Ke7 {[%clk 0:13:49]} 28. Ne3 {[%clk 0:14:58]} Qxd4
{[%clk 0:13:37]} 29. Rxd4 {[%clk 0:15:17]} Ncb6 {[%clk 0:13:49]} 30. Na4
{[%clk 0:11:49]} Rb8 {[%clk 0:07:56]} 31. f5 {[%clk 0:08:43]} Nc8
{[%clk 0:05:56]} 32. Bh3 {[%clk 0:03:42]} Ne5 {[%clk 0:05:56]} 33. Bg2
{[%clk 0:03:18]} Bb5 {[%clk 0:04:01]} 34. Nb2 {[%clk 0:03:39]} Nb6
{[%clk 0:03:55]} 35. Kd1 {[%clk 0:02:58]} gxf5 {[%clk 0:02:49]} 36. exf5
{[%clk 0:03:19]} Rg8 {[%clk 0:03:11]} 37. f6+ {[%clk 0:02:56]} Kd7
{[%clk 0:03:19]} 38. b4 {[%clk 0:02:08]} a4 {[%clk 0:03:26]} 39. Be4
{[%clk 0:01:08]} Rxg5 {[%clk 0:02:21]} 40. Bxh7 {[%clk 0:01:32]} Rh5
{[%clk 0:02:39]} 41. Ng4 {[%clk 0:01:45]} Nxg4 {[%clk 0:02:38]} 42. Rxg4
{[%clk 0:02:10]} Rxh6 {[%clk 0:02:57]} 43. Rg5 {[%clk 0:01:43]} Nd5
{[%clk 0:02:00]} 44. Bd3 {[%clk 0:00:54]} Bxd3 {[%clk 0:01:38]} 45. Nxd3
{[%clk 0:01:17]} Rxf6 {[%clk 0:02:07]} 46. b5 {[%clk 0:01:15]} Rh6
{[%clk 0:02:11]} 47. Rg7 {[%clk 0:01:15]} Rh1+ {[%clk 0:02:11]} 48. Ke2
{[%clk 0:01:22]} Ke7 {[%clk 0:02:20]} 49. Rg4 {[%clk 0:01:43]} Rh2+
{[%clk 0:02:14]} 50. Nf2 {[%clk 0:01:58]} Nb6 {[%clk 0:01:43]} 51. Rg3
{[%clk 0:02:14]} Rh5 {[%clk 0:02:04]} 52. Rc3 {[%clk 0:02:27]} Rxb5
{[%clk 0:02:28]} 53. Rc7+ {[%clk 0:02:52]} Kf6 {[%clk 0:02:27]} 54. Ne4+
{[%clk 0:02:41]} Ke5 {[%clk 0:02:56]} 55. Nc3 {[%clk 0:02:24]} Rc5
{[%clk 0:03:17]} 0-1

[Event "H. C. Andersen Mindgames"]
[Site "?"]
[Date "2012.05.17"]
[Round "2.5"]
[White "Smith, 2483, IM Axel"]
[Black "Christensen, 2251, Bo Garner"]
[Result "1-0"]
[LiveChessVersion "1.3.1"]
[BlackElo "2251"]
[WhiteElo "2483"]

1. Nf3 {[%clk 1:27:41]} Nf6 {[%clk 1:30:02]} 2. c4 {[%clk 1:28:07]} g6
{[%clk 1:29:55]} 3. d4 {[%clk 1:28:26]} Bg7 {[%clk 1:29:45]} 4. g3
{[%clk 1:28:55]} O-O {[%clk 1:29:54]} 5. Bg2 {[%clk 1:29:24]} c5 {[%clk 1:29:52]}
6. Nc3 {[%clk 1:26:07]} d6 {[%clk 1:30:01]} 7. O-O {[%clk 1:25:51]} Nc6
{[%clk 1:29:50]} 8. dxc5 {[%clk 1:26:10]} dxc5 {[%clk 1:30:11]} 9. Be3
{[%clk 1:26:29]} Qa5 {[%clk 1:26:50]} 10. Qb3 {[%clk 1:23:30]} Qb4
{[%clk 1:13:43]} 11. Nd5 {[%clk 1:01:36]} Nxd5 {[%clk 1:00:33]} 12. cxd5
{[%clk 1:02:03]} Qxb3 {[%clk 1:00:27]} 13. axb3 {[%clk 1:02:32]} Nd4
{[%clk 1:00:39]} 14. Nxd4 {[%clk 0:48:48]} cxd4 {[%clk 1:00:39]} 15. Bg5
{[%clk 0:48:56]} Re8 {[%clk 1:00:13]} 16. Rac1 {[%clk 0:37:26]} h6
{[%clk 0:54:46]} 17. Bd2 {[%clk 0:37:52]} Bg4 {[%clk 0:52:54]} 18. f3
{[%clk 0:36:54]} Bd7 {[%clk 0:53:09]} 19. Rc7 {[%clk 0:35:36]} Bb5
{[%clk 0:50:58]} 20. Kf2 {[%clk 0:36:05]} Rab8 {[%clk 0:43:11]} 21. Bb4
{[%clk 0:31:56]} Bf6 {[%clk 0:42:37]} 22. Rfc1 {[%clk 0:30:53]} a6
{[%clk 0:42:27]} 23. R1c2 {[%clk 0:24:46]} Kf8 {[%clk 0:36:00]} 24. f4
{[%clk 0:25:12]} d3 {[%clk 0:34:44]} 25. exd3 {[%clk 0:25:38]} Bxd3
{[%clk 0:35:01]} 26. Rd2 {[%clk 0:25:23]} Bd4+ {[%clk 0:34:33]} 27. Kf3
{[%clk 0:23:11]} Bb6 {[%clk 0:34:55]} 28. Rxe7 {[%clk 0:21:39]} Rxe7
{[%clk 0:34:31]} 29. Rxd3 {[%clk 0:22:00]} Ke8 {[%clk 0:34:43]} 30. d6
{[%clk 0:15:18]} Rd7 {[%clk 0:30:57]} 31. Bh3 {[%clk 0:15:20]} Rbd8
{[%clk 0:30:42]} 32. f5 {[%clk 0:10:32]} a5 {[%clk 0:30:08]} 33. Ba3
{[%clk 0:11:01]} Rc8 {[%clk 0:27:57]} 34. Rd2 {[%clk 0:06:41]} Kd8
{[%clk 0:23:16]} 35. Re2 {[%clk 0:04:43]} Bc5 {[%clk 0:23:21]} 36. fxg6
{[%clk 0:05:06]} fxg6 {[%clk 0:23:39]} 37. Bxd7 {[%clk 0:05:34]} Kxd7
{[%clk 0:23:57]} 38. Re7+ {[%clk 0:05:43]} Kxd6 {[%clk 0:22:37]} 39. Rxb7
{[%clk 0:06:12]} Rf8+ {[%clk 0:18:11]} 40. Kg4 {[%clk 0:06:11]} Kc6
{[%clk 0:17:39]} 41. Rh7 {[%clk 0:03:57]} h5+ 42. Kg5 Rf2 {[%clk 0:12:35]} 43.
Kxg6 {[%clk 0:04:48]} Rxh2 {[%clk 0:12:58]} 44. Rxh5 {[%clk 0:04:57]} Rc2
{[%clk 0:12:34]} 45. g4 {[%clk 0:04:46]} Bb4 {[%clk 0:11:56]} 46. Rf5
{[%clk 0:02:41]} Rg2 {[%clk 0:12:08]} 47. g5 {[%clk 0:03:02]} Rg3
{[%clk 0:12:31]} 48. Bxb4 {[%clk 0:02:26]} axb4 {[%clk 0:12:53]} 49. Kf7
{[%clk 0:02:42]} Rxb3 {[%clk 0:13:02]} 50. g6 {[%clk 0:02:28]} 1-0

[Event "H. C. Andersen Mindgames"]
[Site "?"]
[Date "2012.05.17"]
[Round "2.6"]
[White "Tari, 2216, Aryan"]
[Black "Haub, 2476, IM Thorsten Michael"]
[Result "0-1"]
[LiveChessVersion "1.3.1"]
[BlackElo "2476"]
[WhiteElo "2216"]

1. e4 {[%clk 1:27:56]} g6 {[%clk 1:30:53]} 2. d4 {[%clk 1:28:19]} Bg7
{[%clk 1:31:18]} 3. Nc3 {[%clk 1:28:41]} d6 {[%clk 1:31:43]} 4. f4
{[%clk 1:29:06]} a6 {[%clk 1:32:10]} 5. Nf3 {[%clk 1:29:17]} e6 {[%clk 1:32:32]}
6. Bd3 {[%clk 1:29:20]} Ne7 {[%clk 1:32:42]} 7. O-O {[%clk 1:29:34]} O-O
{[%clk 1:32:53]} 8. Be3 {[%clk 1:29:58]} b5 {[%clk 1:27:40]} 9. Qd2
{[%clk 1:26:26]} f5 {[%clk 1:27:29]} 10. e5 {[%clk 1:25:59]} Nd7 {[%clk 1:27:37]}
11. Bf2 {[%clk 1:13:55]} Nb6 {[%clk 1:25:38]} 12. a4 {[%clk 1:13:04]} b4
{[%clk 1:23:31]} 13. Ne2 {[%clk 1:13:01]} a5 {[%clk 1:21:10]} 14. c3
{[%clk 1:11:11]} bxc3 {[%clk 1:16:20]} 15. bxc3 {[%clk 1:09:32]} Bb7
{[%clk 1:10:16]} 16. Bh4 {[%clk 1:01:16]} Bd5 {[%clk 0:58:23]} 17. Qc2
{[%clk 0:56:47]} Nc4 {[%clk 0:56:50]} 18. Bf2 {[%clk 0:56:25]} Qd7
{[%clk 0:53:30]} 19. Nd2 {[%clk 0:53:22]} Nxd2 {[%clk 0:50:23]} 20. Qxd2
{[%clk 0:53:45]} Qc6 {[%clk 0:50:36]} 21. Bh4 {[%clk 0:53:50]} Nc8
{[%clk 0:46:29]} 22. Ng3 {[%clk 0:42:34]} Bc4 {[%clk 0:37:19]} 23. Rfe1
{[%clk 0:35:51]} Re8 {[%clk 0:32:30]} 24. Bxc4 {[%clk 0:31:11]} Qxc4
{[%clk 0:32:26]} 25. Nf1 {[%clk 0:31:13]} Nb6 {[%clk 0:31:14]} 26. Ne3
{[%clk 0:30:06]} Qc6 {[%clk 0:31:13]} 27. Qc2 {[%clk 0:26:25]} dxe5
{[%clk 0:28:36]} 28. dxe5 {[%clk 0:25:18]} Bf8 {[%clk 0:28:48]} 29. Bf2
{[%clk 0:20:53]} Bc5 {[%clk 0:21:56]} 30. Nd1 {[%clk 0:17:00]} Bxf2+
{[%clk 0:18:18]} 31. Nxf2 {[%clk 0:16:53]} Nd5 {[%clk 0:18:33]} 32. g3
{[%clk 0:16:40]} Qxc3 33. Qxc3 {[%clk 0:15:02]} Nxc3 {[%clk 0:19:04]} 34. Ra3
{[%clk 0:15:06]} Nd5 {[%clk 0:19:15]} 35. Rc1 {[%clk 0:13:55]} Reb8
{[%clk 0:17:58]} 36. Nd1 {[%clk 0:14:09]} Ra6 {[%clk 0:12:36]} 37. Ne3
{[%clk 0:14:15]} c6 {[%clk 0:10:34]} 38. Nxd5 {[%clk 0:12:04]} exd5
{[%clk 0:10:55]} 39. Rcc3 {[%clk 0:11:47]} Kf7 {[%clk 0:10:29]} 40. Rab3
{[%clk 0:11:48]} Rb4 {[%clk 0:10:50]} 41. Kf2 {[%clk 0:10:05]} Rab6
{[%clk 0:09:23]} 42. Rxb4 {[%clk 0:09:42]} axb4 {[%clk 0:09:42]} 43. Rc1
{[%clk 0:10:09]} Ke6 {[%clk 0:06:47]} 44. Ke3 {[%clk 0:10:06]} Kd7
{[%clk 0:05:22]} 45. Kd4 {[%clk 0:08:11]} Ra6 {[%clk 0:05:40]} 46. Kc5
{[%clk 0:06:16]} Rxa4 {[%clk 0:04:52]} 47. Rb1 {[%clk 0:05:58]} Ra5+
{[%clk 0:05:02]} 48. Kd4 {[%clk 0:06:27]} 0-1

[Event "H. C. Andersen Mindgames"]
[Site "?"]
[Date "2012.05.17"]
[Round "2.7"]
[White "Nielsen, 2163, John Bauneborg"]
[Black "Hagen, 2445, IM Andreas Skytte"]
[Result "0-1"]
[LiveChessVersion "1.3.1"]
[BlackElo "2445"]
[WhiteElo "2163"]

1. d4 {[%clk 1:30:58]} d5 {[%clk 1:30:56]} 2. c4 {[%clk 1:31:15]} e6
{[%clk 1:31:22]} 3. Nc3 {[%clk 1:31:18]} Bb4 {[%clk 1:31:40]} 4. Nf3
{[%clk 1:28:21]} Nf6 {[%clk 1:32:05]} 5. Bg5 {[%clk 1:27:48]} Nbd7
{[%clk 1:32:28]} 6. e3 {[%clk 1:27:08]} c5 {[%clk 1:29:37]} 7. cxd5
{[%clk 1:12:59]} exd5 {[%clk 1:29:27]} 8. Be2 {[%clk 1:04:04]} Qa5
{[%clk 1:19:09]} 9. O-O {[%clk 1:03:52]} O-O {[%clk 1:08:54]} 10. dxc5
{[%clk 0:55:20]} Bxc3 {[%clk 1:06:09]} 11. bxc3 {[%clk 0:55:35]} Ne4
{[%clk 1:04:06]} 12. Qd4 {[%clk 0:36:13]} Ndxc5 {[%clk 0:49:17]} 13. Qb4
{[%clk 0:35:17]} Qc7 {[%clk 0:48:55]} 14. Bf4 {[%clk 0:34:43]} Qe7
{[%clk 0:41:45]} 15. Rfd1 {[%clk 0:29:38]} Be6 {[%clk 0:34:56]} 16. Rac1
{[%clk 0:25:44]} Rac8 {[%clk 0:28:28]} 17. c4 {[%clk 0:21:05]} dxc4
{[%clk 0:27:25]} 18. Bxc4 {[%clk 0:20:44]} b6 {[%clk 0:23:04]} 19. Nd4
{[%clk 0:17:09]} Bxc4 {[%clk 0:18:16]} 20. Qxc4 {[%clk 0:15:28]} Nxf2
{[%clk 0:16:46]} 21. Nf5 {[%clk 0:11:20]} Qf6 {[%clk 0:14:40]} 22. Rd5
{[%clk 0:09:42]} Nfd3 {[%clk 0:13:53]} 23. Bd6 {[%clk 0:05:23]} Nxc1
{[%clk 0:12:17]} 24. Ne7+ {[%clk 0:04:58]} Kh8 {[%clk 0:11:26]} 25. Nxc8
{[%clk 0:04:01]} N5d3 {[%clk 0:05:13]} 26. h3 {[%clk 0:01:52]} Ne2+
{[%clk 0:04:38]} 0-1

[Event "H. C. Andersen Mindgames"]
[Site "?"]
[Date "2012.05.17"]
[Round "2.8"]
[White "Bromann, 2411, IM Thorbjorn"]
[Black "Frisk, 2181, WFM Ellinor"]
[Result "1-0"]
[LiveChessVersion "1.3.1"]
[BlackElo "2181"]
[WhiteElo "2411"]

1. g3 {[%clk 1:30:54]} d5 {[%clk 1:28:10]} 2. Bg2 {[%clk 1:31:16]} e5
{[%clk 1:27:01]} 3. c4 {[%clk 1:30:41]} c6 {[%clk 1:18:29]} 4. cxd5
{[%clk 1:27:07]} cxd5 {[%clk 1:18:53]} 5. Qb3 {[%clk 1:25:56]} Nf6
{[%clk 1:18:27]} 6. Nc3 {[%clk 1:24:11]} e4 {[%clk 1:07:45]} 7. f3
{[%clk 1:12:37]} exf3 {[%clk 0:55:16]} 8. Bxf3 {[%clk 1:09:46]} d4
{[%clk 0:54:55]} 9. Bxb7 {[%clk 1:01:06]} Bxb7 {[%clk 0:55:03]} 10. Qxb7
{[%clk 1:01:28]} dxc3 {[%clk 0:55:13]} 11. Qxa8 {[%clk 1:00:31]} cxd2+
{[%clk 0:53:38]} 12. Bxd2 {[%clk 1:00:52]} Bc5 {[%clk 0:53:31]} 13. Rc1
{[%clk 0:50:51]} Bxg1 {[%clk 0:44:28]} 14. Rxg1 {[%clk 0:49:50]} Qb6
{[%clk 0:39:30]} 15. Be3 {[%clk 0:44:35]} Qb4+ {[%clk 0:36:53]} 16. Kf1
{[%clk 0:44:26]} O-O {[%clk 0:36:59]} 17. Bc5 {[%clk 0:33:42]} Qxb2
{[%clk 0:33:21]} 18. Bxf8 {[%clk 0:33:48]} Qxc1+ {[%clk 0:30:17]} 19. Kg2
{[%clk 0:34:10]} Qb2 {[%clk 0:29:54]} 20. Bc5 {[%clk 0:22:27]} Qxe2+
{[%clk 0:23:06]} 21. Bf2 {[%clk 0:21:51]} Qe8 {[%clk 0:17:21]} 22. Bxa7
{[%clk 0:18:39]} Nfd7 {[%clk 0:17:18]} 23. Bxb8 {[%clk 0:18:08]} Nxb8
{[%clk 0:17:37]} 24. Rb1 {[%clk 0:18:08]} 1-0

[Event "H. C. Andersen Mindgames"]
[Site "?"]
[Date "2012.05.17"]
[Round "2.9"]
[White "Christiansen, 2151, Jens Jorgen"]
[Black "Lund, 2401, IM Silas"]
[Result "0-1"]
[LiveChessVersion "1.3.1"]
[BlackElo "2401"]
[WhiteElo "2151"]

1. d4 {[%clk 1:30:58]} Nf6 {[%clk 1:30:20]} 2. Nf3 {[%clk 1:30:47]} e6
{[%clk 1:29:46]} 3. c4 {[%clk 1:29:46]} b6 {[%clk 1:30:05]} 4. g3
{[%clk 1:28:30]} Bb7 {[%clk 1:29:41]} 5. Bg2 {[%clk 1:28:43]} Be7
{[%clk 1:30:01]} 6. O-O {[%clk 1:28:57]} O-O {[%clk 1:30:24]} 7. Nc3
{[%clk 1:29:04]} Ne4 {[%clk 1:30:30]} 8. Qc2 {[%clk 1:26:59]} Nxc3
{[%clk 1:30:32]} 9. Qxc3 {[%clk 1:25:09]} c5 {[%clk 1:30:53]} 10. dxc5
{[%clk 1:24:49]} bxc5 {[%clk 1:29:58]} 11. Bf4 {[%clk 1:20:51]} Qb6
{[%clk 1:23:50]} 12. Rad1 {[%clk 1:13:58]} d6 {[%clk 1:20:54]} 13. Bg5
{[%clk 1:09:49]} Nc6 {[%clk 1:10:08]} 14. Bxe7 {[%clk 1:09:34]} Nxe7
{[%clk 1:10:34]} 15. Rd2 {[%clk 1:07:31]} Rfd8 {[%clk 1:09:13]} 16. Rfd1
{[%clk 1:07:12]} h6 {[%clk 1:08:56]} 17. e3 {[%clk 1:04:12]} Rac8
{[%clk 1:06:49]} 18. h4 {[%clk 0:52:18]} a5 {[%clk 0:55:50]} 19. Ne1
{[%clk 0:45:55]} d5 {[%clk 0:47:20]} 20. cxd5 {[%clk 0:44:31]} exd5
{[%clk 0:47:33]} 21. Nf3 {[%clk 0:38:09]} Rd6 {[%clk 0:37:05]} 22. Ne5
{[%clk 0:32:48]} Qb4 {[%clk 0:28:32]} 23. Nc4 {[%clk 0:29:07]} Ra6
{[%clk 0:27:41]} 24. Qc2 {[%clk 0:16:57]} Ba8 {[%clk 0:25:55]} 25. Ne5
{[%clk 0:16:28]} Rd6 {[%clk 0:17:11]} 26. a3 {[%clk 0:15:50]} Qb5
{[%clk 0:15:57]} 27. Qc3 {[%clk 0:11:58]} a4 {[%clk 0:14:15]} 28. e4
{[%clk 0:08:37]} d4 {[%clk 0:13:30]} 29. Qc4 {[%clk 0:08:53]} Qxc4
{[%clk 0:12:43]} 30. Nxc4 {[%clk 0:09:21]} Ra6 {[%clk 0:10:07]} 31. f4
{[%clk 0:09:14]} Rb8 {[%clk 0:08:39]} 32. Rc1 {[%clk 0:09:23]} Rb3
{[%clk 0:08:19]} 33. Kf2 {[%clk 0:09:02]} f5 {[%clk 0:08:13]} 34. e5
{[%clk 0:08:53]} Bxg2 {[%clk 0:08:34]} 35. Kxg2 {[%clk 0:09:22]} Rg6
{[%clk 0:08:47]} 36. Nd6 {[%clk 0:08:35]} Rgxg3+ {[%clk 0:07:47]} 37. Kh1
{[%clk 0:08:48]} Rbf3 {[%clk 0:06:58]} 38. Rxc5 {[%clk 0:08:51]} Rxf4
{[%clk 0:07:13]} 39. Kh2 {[%clk 0:07:38]} Rgg4 {[%clk 0:07:19]} 0-1

[Event "H. C. Andersen Mindgames"]
[Site "?"]
[Date "2012.05.17"]
[Round "2.10"]
[White "Skytte, 2394, IM Rasmus"]
[Black "Eriksson, 2149, Christian"]
[Result "1-0"]
[LiveChessVersion "1.3.1"]
[BlackElo "2149"]
[WhiteElo "2394"]

1. e4 {[%clk 1:29:24]} c5 {[%clk 1:30:55]} 2. Nc3 {[%clk 1:29:44]} Nc6
{[%clk 1:30:38]} 3. Bb5 {[%clk 1:30:06]} Nf6 {[%clk 1:29:42]} 4. Nf3
{[%clk 1:30:25]} g6 {[%clk 1:29:17]} 5. e5 {[%clk 1:30:19]} Ng4 {[%clk 1:28:43]}
6. Bxc6 {[%clk 1:29:46]} dxc6 {[%clk 1:28:54]} 7. h3 {[%clk 1:30:03]} Nh6
{[%clk 1:29:08]} 8. g4 {[%clk 1:29:28]} Bg7 {[%clk 1:28:50]} 9. d3
{[%clk 1:29:11]} O-O {[%clk 1:26:21]} 10. Be3 {[%clk 1:23:23]} f6
{[%clk 1:26:28]} 11. Bxc5 {[%clk 1:17:02]} fxe5 {[%clk 1:24:28]} 12. Ng5
{[%clk 1:14:53]} Nf7 {[%clk 1:18:34]} 13. Nge4 {[%clk 1:13:23]} Nd6
{[%clk 1:10:45]} 14. Be3 {[%clk 1:09:25]} Nxe4 {[%clk 1:05:22]} 15. Nxe4
{[%clk 1:08:24]} Be6 {[%clk 0:58:47]} 16. c4 {[%clk 1:05:08]} b6 {[%clk 0:47:44]}
17. Qe2 {[%clk 1:03:18]} Qd7 {[%clk 0:46:35]} 18. f3 {[%clk 1:02:22]} Rad8
{[%clk 0:44:24]} 19. O-O-O {[%clk 0:58:29]} Qc7 {[%clk 0:39:11]} 20. h4
{[%clk 0:58:26]} b5 {[%clk 0:38:11]} 21. h5 {[%clk 0:56:03]} bxc4
{[%clk 0:35:06]} 22. hxg6 {[%clk 0:54:35]} Rxd3 {[%clk 0:22:15]} 23. Rxd3
{[%clk 0:50:33]} cxd3 {[%clk 0:22:02]} 24. Qh2 {[%clk 0:49:55]} d2+
{[%clk 0:15:14]} 25. Bxd2 {[%clk 0:46:46]} Rf4 {[%clk 0:08:12]} 26. gxh7+
{[%clk 0:41:17]} Kh8 {[%clk 0:08:38]} 27. Bxf4 {[%clk 0:41:05]} exf4
{[%clk 0:09:05]} 28. Nc3 {[%clk 0:40:10]} Qa5 {[%clk 0:08:17]} 29. Qh5
{[%clk 0:38:49]} Qd8 {[%clk 0:07:14]} 30. Rd1 {[%clk 0:36:49]} 1-0